000 00579nam a2200193Ia 4500
005 20260114185702.0
008 008 260114s9999 xx 000 0 eng d
020 _a9781350394162
037 _aEBOOK
040 _aCRL
_beng
_cCRL
041 _aeng
_2eng
084 _qCRL
100 _aLucy Riall
_9873118
245 0 _aRisorgimento The History of Italy from Napoleon to Nation State
260 _bBloomsbury
_c2009
856 _uhttps://doi.org/10.1007/978-1-137-05797-6?locatt=label:secondary_bloomsburyCollections
942 _cEBOOK
999 _c1472066
_d1472066